| 000 | 00567nam a22001577a 4500 | ||
|---|---|---|---|
| 003 | NUST | ||
| 082 | _a621 | ||
| 100 |
_a Owais : Rana Muhammad _9122269 |
||
| 245 |
_aNumerical Analysis of Exhaust Gas Recirculation and Water Injection Process in Diesel Engine / _cRana Muhammad Owais |
||
| 264 |
_aIslamabad: _bSMME- NUST. _c2020. |
||
| 300 |
_a84p. ; _bSoft Copy, _c30cm. |
||
| 650 |
_aMS Mechanical Engineering _9119495 |
||
| 700 |
_aSupervisor : Dr Emad Uddin _9119529 |
||
| 856 | _uhttp://10.250.8.41:8080/xmlui/handle/123456789/22320 | ||
| 942 |
_2ddc _cTHE |
||
| 999 |
_c608775 _d608775 |
||